[Event "European Rapid 2015"]
[Site "Minsk BLR"]
[Date "2015.12.20"]
[Round "10.24"]
[White "Sakaev, Konstantin"]
[Black "Pankov, German"]
[Result "1-0"]
[WhiteTitle "GM"]
[BlackTitle "IM"]
[WhiteElo "2594"]
[BlackElo "2404"]
[WhiteFideId "4104226"]
[BlackFideId "4174569"]
[EventDate "2015.12.19"]

1. Nf3 d5 2. g3 Nf6 3. Bg2 c6 4. d3 Bf5 5. Nh4 Bg4 6. h3 Bh5 7. g4 Bg6 8. e3 e5
9. O-O Nfd7 10. Nxg6 hxg6 11. Nd2 Bd6 12. c4 Na6 13. d4 e4 14. f3 f5 15. fxe4
fxe4 16. cxd5 cxd5 17. Qb3 Qg5 18. Nxe4 dxe4 19. Qxb7 Nc7 20. Qxe4+ Be7 21. Bd2
Rb8 22. Rac1 Nb5 23. Rc6 Nf6 24. Qc2 O-O 25. e4 Qh4 26. Bf4 Kh7 27. Qd3 Rb7 28.
e5 Rd8 29. exf6 Bxf6 30. Rxf6 1-0

[Event "European Rapid 2015"]
[Site "Minsk BLR"]
[Date "2015.12.20"]
[Round "10.25"]
[White "Demidov, Mikhail"]
[Black "Mirzoev, Emil"]
[Result "1-0"]
[WhiteTitle "IM"]
[WhiteElo "2485"]
[BlackElo "2424"]
[WhiteFideId "4197143"]
[BlackFideId "14108640"]
[EventDate "2015.12.19"]

1. d4 d6 2. Nf3 Nf6 3. g3 h6 4. Bg2 c6 5. b3 Bf5 6. Bb2 e6 7. O-O Be7 8. Nbd2
O-O 9. Nh4 Bh7 10. e4 d5 11. e5 Ne4 12. Nhf3 c5 13. c4 dxc4 14. Nxc4 Nc6 15.
dxc5 Qxd1 16. Raxd1 Bxc5 17. Nfd2 Nxd2 18. Rxd2 Rad8 19. Nd6 Rd7 20. Rc1 Bb4 21.
Rdd1 Rfd8 22. Bxc6 bxc6 23. Rxc6 Be4 24. Rcc1 Bxd6 25. exd6 Rxd6 26. Rxd6 Rxd6
27. Bc3 Bf3 28. Bb4 Rd7 29. Bc5 e5 30. b4 a6 31. a4 Bc6 32. Ra1 Bf3 33. b5 axb5
34. axb5 Rd1+ 35. Rxd1 Bxd1 36. Kf1 Bf3 37. Ke1 f6 38. Kd2 Kf7 39. Kc3 Ke6 40.
Bf8 Kf7 41. Ba3 Ke6 42. Kc4 g5 43. Kc5 Kd7 44. Kb6 h5 45. Ka7 f5 46. Bb2 Ke6 47.
b6 f4 48. b7 Bxb7 49. Kxb7 Kd5 50. Kc7 e4 51. gxf4 gxf4 52. Bf6 Ke6 53. Bh4 Kf5
54. h3 Ke6 55. Kc6 Ke5 56. Kc5 e3 57. f3 Ke6 58. Kd4 Kf5 1-0

[Event "European Rapid 2015"]
[Site "Minsk BLR"]
[Date "2015.12.20"]
[Round "10.26"]
[White "Girya, Olga"]
[Black "Goganov, Aleksey"]
[Result "1/2-1/2"]
[WhiteTitle "WGM"]
[BlackTitle "GM"]
[WhiteElo "2456"]
[BlackElo "2597"]
[WhiteFideId "4195752"]
[BlackFideId "24109959"]
[EventDate "2015.12.19"]

1. d4 Nf6 2. c4 e6 3. Nf3 b6 4. g3 Bb7 5. Bg2 Be7 6. O-O O-O 7. Nc3 Ne4 8. Qc2
Nxc3 9. Qxc3 Be4 10. b3 d6 11. Bb2 Nd7 12. Ne1 Bxg2 13. Nxg2 Bf6 14. Qc2 e5 15.
Rad1 exd4 16. Bxd4 Bxd4 17. Rxd4 Nc5 18. Ne3 Qd7 19. Nd5 f5 20. e3 Rae8 21. b4
Ne4 22. Rd3 Re6 23. f3 Ng5 24. c5 bxc5 25. bxc5 Qc6 26. Qb3 Kh8 27. h4 Nf7 28.
Nf4 Re7 29. Qd5 Qxc5 30. Qxc5 dxc5 31. Rc3 c6 32. Rxc5 Ne5 33. Kg2 Rd8 34. Rf2
Kg8 35. Rfc2 g6 36. Ra5 Kf7 37. Ra4 Red7 38. Ne2 Rd2 39. Rxd2 Rxd2 40. Rxa7+ Kf6
41. Kf2 c5 42. a4 c4 43. Rc7 Ra2 44. f4 Nd3+ 45. Kf3 Ne1+ 46. Kf2 Nd3+ 47. Kf3
Ne1+ 48. Kf2 Nd3+ 1/2-1/2

[Event "European Rapid 2015"]
[Site "Minsk BLR"]
[Date "2015.12.20"]
[Round "10.27"]
[White "Potapov, Alexey"]
[Black "Mikhalevski, Victor"]
[Result "0-1"]
[WhiteTitle "IM"]
[BlackTitle "GM"]
[WhiteElo "2389"]
[BlackElo "2535"]
[WhiteFideId "4182138"]
[BlackFideId "2801914"]
[EventDate "2015.12.19"]

1. d4 Nf6 2. Nf3 g6 3. g3 b5 4. Bg2 Bb7 5. a4 b4 6. a5 Na6 7. Nbd2 c5 8. O-O Bg7
9. c3 Qc8 10. Qa4 O-O 11. cxb4 cxb4 12. Qd1 Bd5 13. Ne5 Bxg2 14. Kxg2 d6 15.
Nef3 Qb7 16. Kg1 Rfc8 17. Re1 Ne4 18. Qb3 d5 19. Qd3 Nc7 20. Nb3 Ne6 21. Be3 Rc4
22. a6 Qc7 23. Ra5 Rd8 24. Rea1 f5 25. Kg2 Qd6 26. Rb5 Rb8 27. Rxb8+ Qxb8 28.
Nfd2 Rc8 29. f3 Nd6 30. Nc5 Kf7 31. Nxe6 Kxe6 32. Ra5 Qb6 33. Rc5 Rc6 34. Bg5
Kf7 35. Rxd5 Qxa6 36. Qxa6 Rxa6 37. Bf4 Ke6 38. e4 fxe4 39. fxe4 Nxe4 40. Rb5
Nxd2 41. d5+ Kf7 42. Bxd2 Ra2 43. Rxb4 Rxb2 44. Rxb2 Bxb2 45. Kf3 e6 46. Ke4 Ke7
47. Bb4+ Kd7 48. g4 Bf6 49. h3 Be7 50. Ba5 Bd6 51. Bc3 Bc7 52. Bb4 a5 53. Bc3 a4
54. Bb4 Bd6 55. Bc3 a3 56. Kd4 Bf4 57. Kc4 Bc1 58. dxe6+ Kxe6 59. Kb3 Kd5 60. h4
Ke4 61. h5 g5 0-1

[Event "European Rapid 2015"]
[Site "Minsk BLR"]
[Date "2015.12.20"]
[Round "10.28"]
[White "Kryakvin, Dmitry"]
[Black "Savitskiy, Sergey"]
[Result "1/2-1/2"]
[WhiteTitle "GM"]
[BlackTitle "FM"]
[WhiteElo "2529"]
[BlackElo "2365"]
[WhiteFideId "4153278"]
[BlackFideId "24105660"]
[EventDate "2015.12.19"]

1. d4 Nf6 2. c4 g6 3. Nc3 Bg7 4. e4 d6 5. Nf3 O-O 6. Be2 Na6 7. O-O e5 8. d5 Nc5
9. Qc2 a5 10. Bg5 Qe8 11. Nd2 Nfd7 12. b3 f5 13. Nb5 Na6 14. f3 f4 15. Bh4 h6
16. Bf2 g5 17. a3 Qg6 18. Rab1 h5 19. Kh1 g4 20. Bg1 Nf6 21. c5 dxc5 22. Qc3 g3
23. Rfc1 gxh2 24. Bf2 h4 25. Bxh4 Nh5 26. Bc4 Kh7 27. Qd3 Bf6 28. Bf2 Rg8 29.
Qf1 Rg7 30. b4 axb4 31. axb4 Nxb4 32. d6 c6 33. Nc7 b5 34. Nxa8 bxc4 35. Rc3 Nd3
36. Rxd3 cxd3 37. Rb8 Be6 38. Nc7 Bd7 39. Rb1 Ng3+ 40. Bxg3 Qxg3 41. Nc4 Qh4 42.
Rb2 Qh5 43. Qxd3 Bh4 44. Qc3 Bf6 45. Qd3 Qh4 46. Qf1 Qh5 47. Rc2 Bc8 48. Nb6 Bh3
49. Nc4 Bd8 50. Rd2 Bxc7 51. dxc7 Be6 52. Rd6 Bxc4 53. Qxc4 Rxc7 54. Qxc5 Rb7
55. Rd1 Qg5 56. Qxc6 Rg7 57. Qc2 Qg3 1/2-1/2

[Event "European Rapid 2015"]
[Site "Minsk BLR"]
[Date "2015.12.20"]
[Round "10.29"]
[White "Kalinin, Michail Borisovich"]
[Black "Tukhaev, Adam"]
[Result "1-0"]
[BlackTitle "GM"]
[WhiteElo "2380"]
[BlackElo "2564"]
[WhiteFideId "4144104"]
[BlackFideId "14109476"]
[EventDate "2015.12.19"]

1. d4 d5 2. Nf3 c6 3. e3 Nf6 4. c4 e6 5. Nbd2 Nbd7 6. b3 b6 7. Bd3 Bb7 8. O-O
Bd6 9. Bb2 O-O 10. Rc1 Qe7 11. Qe2 c5 12. Rfd1 Ne4 13. cxd5 exd5 14. Ba6 Bxa6
15. Qxa6 Ndf6 16. h3 Rfd8 17. Rc2 h6 18. Nf1 Qe6 19. Qe2 Rac8 20. N3h2 c4 21.
bxc4 dxc4 22. f3 Ng3 23. Nxg3 Bxg3 24. Nf1 Bb8 25. e4 b5 26. d5 Qe8 27. Bxf6
gxf6 28. Ne3 Qe5 29. Nf5 Kh7 30. g3 Rg8 31. Qe1 Rg5 32. d6 Rxf5 33. Rd5 Qxd5 34.
exd5 Re5 35. Qb1 Kg7 36. d7 Rd8 37. Qxb5 Re7 38. Rxc4 Rexd7 39. Rd4 Be5 40. Rd2
Rc7 41. f4 Bd6 42. Kg2 Rc5 43. Qb3 Rb8 44. Qd3 Rbb5 45. Qf3 Ra5 46. Qg4+ Kh7 47.
Qd7 1-0

[Event "European Rapid 2015"]
[Site "Minsk BLR"]
[Date "2015.12.20"]
[Round "10.30"]
[White "Aleksandrov, Aleksej"]
[Black "Savenkov, Konstantin"]
[Result "1-0"]
[WhiteTitle "GM"]
[BlackTitle "FM"]
[WhiteElo "2615"]
[BlackElo "2325"]
[WhiteFideId "13500139"]
[BlackFideId "4138600"]
[EventDate "2015.12.19"]

1. d4 Nf6 2. c4 g6 3. Nc3 Bg7 4. e4 d6 5. h3 O-O 6. Be3 c5 7. dxc5 Qa5 8. Bd3
dxc5 9. e5 Nfd7 10. f4 Rd8 11. Qb1 Nc6 12. Nf3 Nb4 13. Be2 Nf8 14. O-O Bf5 15.
Ne4 Qa4 16. Nh4 Qc2 17. Nxf5 Qxe2 18. Nxe7+ Kh8 19. Bxc5 Nc2 20. Ng5 Qxc4 21.
Qxc2 1-0

[Event "European Rapid 2015"]
[Site "Minsk BLR"]
[Date "2015.12.20"]
[Round "10.31"]
[White "Kashtanov, Ruslan"]
[Black "Pavlov, Sergey2"]
[Result "0-1"]
[WhiteTitle "IM"]
[BlackTitle "IM"]
[WhiteElo "2346"]
[BlackElo "2454"]
[WhiteFideId "4124871"]
[BlackFideId "14114330"]
[EventDate "2015.12.19"]

1. Nf3 d5 2. g3 g6 3. d4 Bg7 4. Bg2 Nf6 5. O-O O-O 6. c4 dxc4 7. Na3 c3 8. bxc3
c5 9. Nc4 Be6 10. Nfe5 Bd5 11. dxc5 Bxg2 12. Qxd8 Rxd8 13. Kxg2 Ne4 14. Rb1 Nd7
15. Nd3 Ndxc5 16. Nxc5 Nxc5 17. Be3 Rac8 18. Na5 Rd7 19. Bxc5 Rxc5 20. Rxb7 Rxb7
21. Nxb7 Rxc3 22. Rd1 Rc7 23. Rd8+ Bf8 24. Rb8 Rc2 25. e4 Rb2 26. e5 e6 27. a4
a5 28. h4 Kg7 29. Rxf8 Kxf8 30. Nxa5 Rb4 31. f4 h5 32. Kf3 Rxa4 33. Nb7 Ra3+ 34.
Kf2 Ke7 35. Nd6 f6 36. Nc8+ Kf8 37. exf6 Kf7 38. Nd6+ Kxf6 39. Nc4 Rc3 40. Nd6
Rd3 41. Nc4 Kf5 42. Ne5 Rd5 43. Nc4 Ke4 44. Ke2 Rd4 45. Ne5 Ra4 46. Kf2 Ra2+ 47.
Kg1 Kf5 48. Kf1 Rc2 49. Kg1 Re2 50. Nf3 Kg4 0-1

[Event "European Rapid 2015"]
[Site "Minsk BLR"]
[Date "2015.12.20"]
[Round "10.33"]
[White "Loginov, Valery A"]
[Black "Gorodetzky, David"]
[Result "1/2-1/2"]
[WhiteTitle "GM"]
[BlackTitle "FM"]
[WhiteElo "2486"]
[BlackElo "2342"]
[WhiteFideId "4126297"]
[BlackFideId "2813416"]
[EventDate "2015.12.19"]

1. e4 e6 2. d4 d5 3. Nc3 Nf6 4. e5 Nfd7 5. f4 c5 6. Nf3 Nc6 7. Be3 a6 8. Qd2 b5
9. dxc5 Bxc5 10. Bd3 Qb6 11. Bf2 b4 12. Na4 Bxf2+ 13. Qxf2 Qxf2+ 14. Kxf2 a5 15.
Rhc1 Ba6 16. Bxa6 Rxa6 17. c4 bxc3 18. Rxc3 Ke7 19. a3 Rha8 20. Rac1 Nb4 21. Re3
Rc6 22. Rxc6 Nxc6 23. Rc3 Ra6 24. h4 f6 25. exf6+ gxf6 26. Rb3 e5 27. Rb5 e4 28.
Rxd5 exf3 29. Rxd7+ Kxd7 30. Nc5+ Kc7 31. Nxa6+ Kb6 32. Kxf3 Kxa6 33. Kg4 Nd4
34. Kh5 Kb5 35. Kh6 Nf5+ 36. Kh5 Ng7+ 37. Kh6 Nf5+ 38. Kh5 1/2-1/2

[Event "European Rapid 2015"]
[Site "Minsk BLR"]
[Date "2015.12.20"]
[Round "10.34"]
[White "Veremeichik, Vladimir"]
[Black "Teterev, Vitaly"]
[Result "1-0"]
[BlackTitle "GM"]
[WhiteElo "2298"]
[BlackElo "2494"]
[WhiteFideId "13500384"]
[BlackFideId "13501429"]
[EventDate "2015.12.19"]

1. d4 Nf6 2. c4 g6 3. Nc3 Bg7 4. e4 O-O 5. Be3 d6 6. f3 Nc6 7. Nge2 a6 8. Qd2
Rb8 9. Rc1 Bd7 10. Nd1 Re8 11. Nf2 e6 12. g3 b5 13. cxb5 axb5 14. Bg2 Rb7 15.
O-O Qa8 16. b3 Qa3 17. Nd3 Ra8 18. Rc2 Ne8 19. Rfc1 Qa6 20. Rxc6 Bxc6 21. Nb4
Qa5 22. Rxc6 d5 23. Nc1 dxe4 24. fxe4 Rd8 25. Ra6 1-0

[Event "European Rapid 2015"]
[Site "Minsk BLR"]
[Date "2015.12.20"]
[Round "10.35"]
[White "Kochetkova, Julia"]
[Black "Johannessen, Leif Erlend"]
[Result "1-0"]
[WhiteTitle "WGM"]
[BlackTitle "GM"]
[WhiteElo "2320"]
[BlackElo "2487"]
[WhiteFideId "4139690"]
[BlackFideId "1501674"]
[EventDate "2015.12.19"]

1. e4 e5 2. Nf3 Nc6 3. Bc4 Nf6 4. d3 Be7 5. O-O O-O 6. h3 d6 7. c3 Na5 8. Bb5 a6
9. Ba4 b5 10. Bc2 c5 11. Nbd2 Qc7 12. Re1 Nc6 13. Nf1 Be6 14. Ne3 d5 15. exd5
Nxd5 16. Ng4 Bxg4 17. hxg4 Rad8 18. Qe2 Rfe8 19. g3 Bf8 20. Bd2 g6 21. Kg2 Qd7
22. g5 Qg4 23. Qe4 Qxe4 24. Rxe4 Bg7 25. Rh1 Nb6 26. Be3 Nd7 27. Reh4 Ne7 28.
Rxh7 Nf5 29. Bc1 c4 30. dxc4 e4 31. Nd4 Nf8 32. R7h2 Nxd4 33. cxd4 bxc4 34. Be3
Ne6 35. Rh4 Nxd4 36. Bxe4 Ne6 37. Rc1 Rb8 38. Rxc4 Rxb2 39. Ra4 Nc7 40. Rc4 Nb5
41. a4 Nc3 42. Bd4 Bxd4 43. Rxd4 Ra2 44. Bd5 Nxd5 45. Rxd5 Ree2 46. Rf4 Re7 47.
Rd6 Ra7 48. Rd8+ Kg7 49. Rh4 f6 50. Rdh8 1-0

[Event "European Rapid 2015"]
[Site "Minsk BLR"]
[Date "2015.12.20"]
[Round "10.36"]
[White "Sivuk, Vitaly"]
[Black "Ubiennykh, Ekaterina"]
[Result "1-0"]
[WhiteTitle "GM"]
[BlackTitle "WIM"]
[WhiteElo "2552"]
[BlackElo "2283"]
[WhiteFideId "14116502"]
[BlackFideId "4137582"]
[EventDate "2015.12.19"]

1. d4 Nf6 2. c4 g6 3. Nc3 Bg7 4. e4 d6 5. Nf3 O-O 6. Be2 Nbd7 7. O-O e5 8. d5
Nc5 9. Qc2 a5 10. Bg5 c6 11. Nd2 cxd5 12. cxd5 h6 13. Be3 Ng4 14. Bxc5 dxc5 15.
a4 Nf6 16. Nb5 b6 17. Nc4 Ne8 18. Rad1 Bd7 19. Qb3 Kh7 20. d6 Rb8 21. Qg3 f6 22.
b3 Rf7 23. Bg4 Bf8 24. f4 exf4 25. Qxf4 Bxg4 26. Qxg4 Rbb7 27. e5 fxe5 28. Nxe5
Rf6 29. d7 Bg7 30. Rxf6 Nxf6 31. Qxg6+ Kg8 32. Qf7+ Kh7 33. Rd6 1-0

[Event "European Rapid 2015"]
[Site "Minsk BLR"]
[Date "2015.12.20"]
[Round "10.37"]
[White "Meribanov, Vitaly"]
[Black "Kulaots, Kaido"]
[Result "1/2-1/2"]
[WhiteTitle "IM"]
[BlackTitle "GM"]
[WhiteElo "2392"]
[BlackElo "2574"]
[WhiteFideId "13504363"]
[BlackFideId "4500261"]
[EventDate "2015.12.19"]

1. e4 c5 2. Nc3 d6 3. Nf3 Nf6 4. d4 cxd4 5. Nxd4 a6 6. Be2 e5 7. Nb3 Be7 8. O-O
O-O 9. Kh1 Nc6 10. f4 b5 11. a3 Bb7 12. Bf3 Rc8 13. f5 Na5 14. Nxa5 Qxa5 15. Bd2
Qb6 16. Qe2 a5 17. g4 b4 18. axb4 axb4 19. g5 bxc3 20. gxf6 Bxf6 21. Bxc3 Rfe8
22. Bg2 Rc6 23. Rfd1 Rec8 24. Ra3 Be7 25. Rda1 Rc5 26. Rb3 Qc6 27. Ra7 Rb8 28.
Rbxb7 Rxb7 29. Ra8+ Bf8 30. f6 Rxc3 31. fxg7 Kxg7 32. Qg4+ Kf6 33. Qh4+ Ke6 34.
Bh3+ Rxh3 35. Qxh3+ Ke7 36. Qh4+ Ke6 37. Qg4+ Ke7 38. Qh4+ Ke6 39. Qg4+ Ke7 40.
Qh4+ Ke6 41. Qg4+ Ke7 42. Qh4+ Ke6 43. Qg4+ Ke7 44. Qh4+ Ke6 45. Qh3+ Ke7 46.
Qh4+ Ke6 47. Rxf8 Rxb2 48. Qg4+ Ke7 49. Rc8 Qb6 50. Qg5+ Kd7 51. Qf5+ Ke7 52.
Qg5+ Kd7 53. Qg4+ Ke7 54. Qh4+ Kd7 55. Qh3+ Ke7 1/2-1/2

[Event "European Rapid 2015"]
[Site "Minsk BLR"]
[Date "2015.12.20"]
[Round "10.38"]
[White "Dubrovin, Robert"]
[Black "Sharafiev, Azat"]
[Result "0-1"]
[BlackTitle "IM"]
[WhiteElo "2223"]
[BlackElo "2420"]
[WhiteFideId "4501829"]
[BlackFideId "4186214"]
[EventDate "2015.12.19"]

1. d4 d6 2. Nf3 g6 3. c4 Bg7 4. Nc3 Bg4 5. g3 Bxf3 6. exf3 c6 7. d5 Nf6 8. dxc6
bxc6 9. Bg2 O-O 10. O-O Nbd7 11. f4 Qc7 12. Re1 Nc5 13. Be3 Nfd7 14. Bd4 Bxd4
15. Qxd4 Nf6 16. Re2 a5 17. Rae1 Rfe8 18. f5 a4 19. Nb5 Qd7 20. fxg6 hxg6 21.
Nc3 Rab8 22. Bf3 Kg7 23. Kg2 Rb4 24. g4 e5 25. Rxe5 dxe5 26. Qxc5 Rxb2 27. g5
Nh5 28. Rxe5 Nf4+ 29. Kg1 Nd3 0-1

[Event "European Rapid 2015"]
[Site "Minsk BLR"]
[Date "2015.12.20"]
[Round "10.39"]
[White "Polivanov, Anatoliy"]
[Black "Zubritskiy, Artyom"]
[Result "1-0"]
[WhiteTitle "IM"]
[BlackTitle "FM"]
[WhiteElo "2426"]
[BlackElo "2422"]
[WhiteFideId "14109468"]
[BlackFideId "4181247"]
[EventDate "2015.12.19"]

1. e4 c5 2. Nf3 d6 3. d4 cxd4 4. Nxd4 Nf6 5. Nc3 a6 6. Bg5 e6 7. f4 Nbd7 8. Qe2
Qc7 9. O-O-O Be7 10. g4 h6 11. Bh4 g5 12. fxg5 hxg5 13. Bxg5 Ne5 14. Rg1 b5 15.
a3 Bb7 16. Bf4 Nfd7 17. g5 Ng6 18. Bg3 Bxg5+ 19. Kb1 Be7 20. h4 Nge5 21. Bh3
O-O-O 22. h5 Rde8 23. Rgf1 Rh7 24. Bxe5 Nxe5 25. Nd5 Qd8 26. Nf5 Bg5 27. Nxd6+
Qxd6 28. Nf6 Qc6 29. Nxh7 Be7 30. Nf6 Rh8 31. Nd5 Bd8 32. Qh2 Rxh5 33. Bxe6+
fxe6 34. Qxh5 Nc4 35. Nb4 Qb6 36. Rf8 1-0

[Event "European Rapid 2015"]
[Site "Minsk BLR"]
[Date "2015.12.20"]
[Round "10.40"]
[White "Bocharov, Dmitry"]
[Black "Kovalev, Egor"]
[Result "1-0"]
[WhiteTitle "GM"]
[WhiteElo "2558"]
[BlackElo "2210"]
[WhiteFideId "4138716"]
[BlackFideId "24124117"]
[EventDate "2015.12.19"]

1. c4 Nf6 2. Nc3 c6 3. e4 d5 4. cxd5 cxd5 5. e5 d4 6. exf6 dxc3 7. bxc3 gxf6 8.
d4 Bg7 9. Bd3 Nc6 10. Nf3 Bg4 11. O-O Qd5 12. Be2 O-O 13. Be3 Rfd8 14. c4 Qd7
15. d5 Ne5 16. Nxe5 Bxe2 17. Nxd7 Bxd1 18. Nxf6+ Bxf6 19. Raxd1 b6 20. Bd4 Kg7
21. Rfe1 Rac8 22. Bxf6+ Kxf6 23. Rd4 Rc7 24. Rf4+ Kg7 25. Kf1 Rdc8 26. Ree4 Rb8
27. a4 a6 28. Rf3 Rbc8 29. Rg4+ Kf8 30. Rh4 Rxc4 31. Rxh7 Rc1+ 32. Ke2 R8c2+ 33.
Ke3 Rc3+ 34. Kf4 Rxf3+ 35. Kxf3 Rc3+ 36. Ke2 Rc4 37. Rh8+ Kg7 38. Rb8 Rxa4 39.
Rxb6 Ra2+ 40. Ke3 Ra3+ 41. Kf4 Ra2 42. Kg3 a5 43. d6 exd6 44. Rxd6 Ra1 45. Ra6
a4 46. h4 a3 47. Kg4 Ra2 48. Kf3 Ra1 49. g3 Ra2 50. h5 Ra1 51. g4 Ra2 52. g5 Ra1
53. Kg4 Ra2 54. f4 Rg2+ 55. Kf5 a2 56. h6+ Kg8 57. Ra8+ Kh7 58. Ra7 Kg8 59. Kf6
Rf2 60. f5 Rb2 61. Ra8+ Kh7 62. g6+ 1-0

[Event "European Rapid 2015"]
[Site "Minsk BLR"]
[Date "2015.12.20"]
[Round "10.41"]
[White "Lobanov, Sergei"]
[Black "Bortnyk, Olexandr"]
[Result "0-1"]
[BlackTitle "GM"]
[WhiteElo "2457"]
[BlackElo "2552"]
[WhiteFideId "24183750"]
[BlackFideId "14120828"]
[EventDate "2015.12.19"]

1. e4 Nf6 2. e5 Nd5 3. d4 d6 4. Nf3 g6 5. Bc4 Nb6 6. Bb3 Bg7 7. a4 dxe5 8. Nxe5
O-O 9. O-O Bf5 10. Bf4 c5 11. dxc5 Qxd1 12. Rxd1 N6d7 13. c6 bxc6 14. Nxd7 Nxd7
15. c3 Nc5 16. Bc4 Bc2 17. Re1 Nxa4 18. Ra2 Nb6 19. Ba6 Nd5 20. Bg3 Rad8 21. Bb7
Bxb1 22. Rxb1 Bxc3 23. Rxa7 Bd4 24. Ra5 Nb4 25. Ra4 c5 26. h3 e5 27. b3 f5 28.
Kh2 Rd7 29. Ba6 f4 30. Bc4+ Kg7 31. Bh4 e4 32. f3 e3 33. Be1 Nc2 34. Ba5 Ra8 35.
Bb6 Rb8 36. Ba5 Ra8 37. Rc1 Nb4 38. Bxb4 Rxa4 39. bxa4 cxb4 40. Rb1 Bc3 41. a5
Kf6 42. h4 Ke5 43. g3 Rd2+ 44. Kh3 Kd4 45. Bb5 Ra2 46. a6 e2 0-1

[Event "European Rapid 2015"]
[Site "Minsk BLR"]
[Date "2015.12.20"]
[Round "10.42"]
[White "Belous, Vladimir"]
[Black "Nedilko, Vasily"]
[Result "1-0"]
[WhiteTitle "GM"]
[BlackTitle "IM"]
[WhiteElo "2557"]
[BlackElo "2397"]
[WhiteFideId "4174003"]
[BlackFideId "14101459"]
[EventDate "2015.12.19"]

1. c4 e5 2. g3 Nf6 3. Bg2 Bc5 4. e3 d6 5. Ne2 O-O 6. a3 a6 7. O-O Nc6 8. Nbc3
Bf5 9. d4 exd4 10. Nxd4 Bd7 11. Nxc6 Bxc6 12. Bxc6 bxc6 13. b4 Ba7 14. Bb2 Qe7
15. Qf3 c5 16. Rfd1 cxb4 17. axb4 Bb6 18. Na4 Ne4 19. Rd5 f6 20. c5 Ba7 21. Rad1
Rab8 22. R5d4 Rfe8 23. Qe2 Qe6 24. Qxa6 dxc5 25. Qxe6+ Rxe6 26. Rd8+ Re8 27.
Rxe8+ Rxe8 28. b5 Rb8 29. Rd7 Rxb5 30. Rxc7 Ra5 31. Nc3 Nxc3 32. Bxc3 Ra3 33.
Bd2 Ra2 34. Rd7 Bb6 35. Kg2 Ra7 36. Rd6 Ba5 37. Bxa5 Rxa5 38. Rc6 Kf7 39. Rc7+
Kg6 40. g4 Ra4 41. Kg3 Rc4 42. h4 h5 43. gxh5+ Kh6 44. f4 Rc1 45. Kg4 c4 46. Kf5
c3 47. Rc8 Kh7 48. h6 c2 49. hxg7 Kxg7 50. e4 1-0

[Event "European Rapid 2015"]
[Site "Minsk BLR"]
[Date "2015.12.20"]
[Round "10.44"]
[White "Pletnev, Evgeniy"]
[Black "Harutjunyan, Gevorg"]
[Result "0-1"]
[BlackTitle "GM"]
[WhiteElo "2235"]
[BlackElo "2436"]
[WhiteFideId "24104140"]
[BlackFideId "13300873"]
[EventDate "2015.12.19"]

1. Nc3 g6 2. e4 Bg7 3. h4 h6 4. Bc4 d6 5. d4 Nc6 6. Be3 Nf6 7. f3 e5 8. Nge2 a6
9. a4 exd4 10. Nxd4 Ne5 11. Ba2 c5 12. Nde2 Be6 13. Bxe6 fxe6 14. Nf4 Qe7 15.
Qe2 O-O 16. O-O-O b5 17. h5 g5 18. Ng6 Nxg6 19. hxg6 b4 20. e5 bxc3 21. exf6
cxb2+ 22. Kb1 Rxf6 23. Qd3 d5 24. Rhe1 c4 25. Qc3 Rxf3 26. Qxg7+ Kxg7 27. gxf3
Qa3 28. Bd4+ Kg8 29. c3 Rb8 0-1

[Event "European Rapid 2015"]
[Site "Minsk BLR"]
[Date "2015.12.20"]
[Round "10.45"]
[White "Pavlidis, Anastasios"]
[Black "Vorontsov, Pavlo"]
[Result "0-1"]
[WhiteTitle "IM"]
[BlackTitle "IM"]
[WhiteElo "2410"]
[BlackElo "2395"]
[WhiteFideId "4208404"]
[BlackFideId "14116367"]
[EventDate "2015.12.19"]

1. Nf3 Nf6 2. d4 e6 3. c4 b6 4. a3 Bb7 5. Nc3 Ne4 6. Nxe4 Bxe4 7. Nd2 Bb7 8. e4
g6 9. d5 Bg7 10. Be2 O-O 11. O-O d6 12. Nf3 Nd7 13. Qc2 a5 14. Rb1 a4 15. Be3
Nc5 16. Bd4 Bxd4 17. Nxd4 e5 18. Nb5 Bc8 19. Rbe1 f5 20. exf5 Bxf5 21. Qd1 Bd7
22. Nc3 Qh4 23. g3 Qg5 24. Bf3 Bf5 25. Re3 Rf7 26. Bg2 Bg4 27. Qc2 Nb3 28. Nb5
Raf8 29. Ree1 Qd2 30. Qe4 Rxf2 31. h3 Nc5 0-1

[Event "European Rapid 2015"]
[Site "Minsk BLR"]
[Date "2015.12.20"]
[Round "10.46"]
[White "Fomin, Taras"]
[Black "Bortnyk, Mykola"]
[Result "0-1"]
[BlackTitle "IM"]
[WhiteElo "2312"]
[BlackElo "2416"]
[WhiteFideId "4120604"]
[BlackFideId "14120836"]
[EventDate "2015.12.19"]

1. e4 Nf6 2. Nc3 d5 3. e5 Nfd7 4. f4 e6 5. Nf3 c5 6. g3 Nc6 7. Bg2 Rb8 8. O-O b5
9. d3 Be7 10. Kh1 O-O 11. Bd2 b4 12. Ne2 f6 13. exf6 Bxf6 14. c3 bxc3 15. bxc3
Ba6 16. Qc2 Qe8 17. Rab1 Qg6 18. f5 Qxf5 19. Nf4 Rxb1 20. Rxb1 g5 21. Qa4 gxf4
22. Qxc6 Bxd3 23. Rb7 Ne5 24. Nxe5 Bxe5 25. gxf4 Be4 26. Bxe4 Qxe4+ 27. Kg1 Bxf4
28. Bxf4 Qxf4 29. Qxe6+ Kh8 0-1

[Event "European Rapid 2015"]
[Site "Minsk BLR"]
[Date "2015.12.20"]
[Round "10.47"]
[White "Dydyshko, Viacheslav"]
[Black "Arshaev, Ajush"]
[Result "1-0"]
[WhiteTitle "GM"]
[WhiteElo "2506"]
[BlackElo "2152"]
[WhiteFideId "13500031"]
[BlackFideId "4107780"]
[EventDate "2015.12.19"]

1. d4 Nf6 2. c4 e6 3. Nc3 Bb4 4. e3 b6 5. Bd3 Bb7 6. Nf3 Ne4 7. Qc2 Bxc3+ 8.
bxc3 f5 9. O-O O-O 10. Ne1 d6 11. f3 Nf6 12. e4 fxe4 13. fxe4 Nbd7 14. Nf3 e5
15. Ba3 Qe8 16. Rae1 Nh5 17. g3 c5 18. d5 Ndf6 19. Nh4 Bc8 20. Nf5 Bxf5 21. exf5
Qf7 22. Bc1 Rae8 23. Qg2 Nd7 24. Bc2 Ndf6 25. g4 Nf4 26. Bxf4 exf4 27. Re6 Nd7
28. Ba4 Rd8 29. Bxd7 Qxd7 30. Rxf4 Qa4 31. Qe2 Qa3 32. Qd2 Rd7 33. Rfe4 Qa4 34.
Qe2 h6 35. Re7 Rxe7 36. Rxe7 Kh8 37. Kg2 a6 38. Kg3 Qa3 39. Qd2 b5 40. Re3 bxc4
41. Re6 Qa5 42. f6 Rxf6 43. Rxf6 gxf6 44. Qxh6+ Kg8 45. Qg6+ Kf8 46. Qxf6+ Kg8
47. g5 1-0

[Event "European Rapid 2015"]
[Site "Minsk BLR"]
[Date "2015.12.20"]
[Round "10.48"]
[White "Faizrakhmanov, Ramil"]
[Black "Genutis, Mindaugas"]
[Result "1-0"]
[WhiteTitle "FM"]
[BlackTitle "FM"]
[WhiteElo "2426"]
[BlackElo "2300"]
[WhiteFideId "24103209"]
[BlackFideId "1407058"]
[EventDate "2015.12.19"]

1. d4 d5 2. c4 c6 3. Nc3 Nf6 4. e3 Bf5 5. cxd5 cxd5 6. Qb3 Nc6 7. Qxb7 Bd7 8.
Qb3 Rb8 9. Qd1 e5 10. dxe5 Nxe5 11. Be2 Bd6 12. Nf3 O-O 13. O-O Qe7 14. Nd4 Rfc8
15. a3 a5 16. Ndb5 Bc5 17. a4 Rb6 18. b3 h5 19. Bb2 Neg4 20. Nxd5 Nxd5 21. Qxd5
Rg6 22. Bxg4 Rxg4 23. Qe5 Bc6 24. g3 Qh4 25. Rad1 Bf3 26. Qf5 Bb7 27. Rd7 Rxg3+
28. fxg3 Bxe3+ 29. Rf2 Bxf2+ 30. Qxf2 1-0